000
00286nam a22001337a 4500
008
171023b xxu||||| |||| 00| 0 eng d
020
_a
9780071490672
041
_a
eng
080
_2
2ND
_a
338
100
_a
54
101
_a
MEN
245
_a
UNLOCK BEHAVIOR
_c
WILK,L
942
_2
udc
_c
BK
999
_c
35417
_d
35417